00726nam a2200181 a 450000100100000000500170001000800410002704000250006810000370009324500590013026000570018930000290024650400270027504900090030295201050031195201110041699900170052700002886020200930055201.0110412s1997 dr a 000 0 spa d aDO-SdBNPbspacBNPHU1 aCaro Álvarez, José A.93786610aCemíes y triconolítos /cJosé A. Caro Álvarez. aSanto Domingo :bMuseo del Hombre Dominicano,c1997. a[36] p. :bil. ;c22 cm. aBibliografía : p. 36 aBNPD 0010718PDaPDbPDcCTd2011-04-12iLF1l0o p28860-10r2020-06-25w2020-06-25yLFPDZNo se presta 0010718PDaPDbPDcCTd2011-04-12iLF1l0o p28860-20r2020-06-25te. 2w2020-06-25yLFPDZNo se presta c28352d28352